000
00268nam a22001337a 4500
003
SGT
082
_a
576.5
_b
DEM
100
_a
DEMEREC M
245
_a
ADVANCES IN GENETICS
260
_a
U K
_b
ACADEMIC PRESS
_c
1947
300
_a
458
650
_a
AG
942
_2
ddc
_c
RARE
999
_c
33696
_d
33696